ბათუმის შოთა რუსთაველის სახელმწიფო უნივერსიტეტის ბიბლიოთეკა

Межкультурная коммуникация (ბიბ.ჩანაწერი № 35198)

000 -LEADER
fixed length control field 00626nam a2200217Ia 4500
001 - CONTROL NUMBER
control field 1044
003 - CONTROL NUMBER IDENTIFIER
control field GE_BSU
008 - FIXED-LENGTH DATA ELEMENTS--GENERAL INFORMATION
fixed length control field 181216s||||||||xx |||||||||||||| ||und||
020 ## - INTERNATIONAL STANDARD BOOK NUMBER
International Standard Book Number 9785982810366
040 ## - CATALOGING SOURCE
Transcribing agency GE_BSU
080 ## - UNIVERSAL DECIMAL CLASSIFICATION NUMBER
Universal Decimal Classification number 316.77(075.8)
245 ## - TITLE STATEMENT
Title Межкультурная коммуникация
245 ## - TITLE STATEMENT
Remainder of title Учебное пособие по дисциплине "Культурология
260 ## - PUBLICATION, DISTRIBUTION, ETC.
Place of publication, distribution, etc. Москва
260 ## - PUBLICATION, DISTRIBUTION, ETC.
Name of publisher, distributor, etc. Альфа-М Инфра-М
260 ## - PUBLICATION, DISTRIBUTION, ETC.
Date of publication, distribution, etc. 2011
300 ## - PHYSICAL DESCRIPTION
Extent 288стр.
653 ## - INDEX TERM--UNCONTROLLED
Uncontrolled term Межкультурная коммуникация
942 ## - ADDED ENTRY ELEMENTS (KOHA)
Koha item type წიგნი
ეგზემპლარები
Withdrawn status Lost status Damaged status Not for loan Date acquired Barcode Date last seen Price effective from Koha item type Public note
        2018-12-17 2521 2018-12-17 2018-12-17 წიგნი დარბაზი
        2018-12-17 2520 2018-12-17 2018-12-17 წიგნი დარბაზი
        2018-12-17 2519 2018-12-17 2018-12-17 წიგნი საცავი
        2018-12-17 2518 2018-12-17 2018-12-17 წიგნი საცავი
        2018-12-17 2517 2018-12-17 2018-12-17 წიგნი საცავი
        2018-12-17 2516 2018-12-17 2018-12-17 წიგნი საცავი
        2018-12-17 2515 2018-12-17 2018-12-17 წიგნი საცავი
        2018-12-17 2514 2018-12-17 2018-12-17 წიგნი საცავი
        2018-12-17 2513 2018-12-17 2018-12-17 წიგნი საცავი
        2018-12-17 2512 2018-12-17 2018-12-17 წიგნი საცავი